| 000 | 00863nam a2200241Ia 4500 | ||
|---|---|---|---|
| 001 | 19560 | ||
| 003 | GE_BSU | ||
| 008 | 181216s||||||||xx |||||||||||||| ||und|| | ||
| 040 | _cGE_BSU | ||
| 080 | _a327.7 | ||
| 100 | _aმაკკორმიკი,ჯონ | ||
| 245 | _aევროკავშირის პოლიტიკა ნ.2 | ||
| 245 | _cმთარგმნ. ხათუნა ბასილაშვილი, მ. ჯანელიძე. რედ. ეკა აკობია | ||
| 250 | _a9789941947025 | ||
| 260 | _aთბილისი | ||
| 260 | _bკავკასიის უნ-ტის გამ-ბა | ||
| 260 | _c2016 | ||
| 300 | _a315 გვ.ილ. | ||
| 541 | _h8ლ.60თ. | ||
| 653 | _aევროკავშირის პოლიტიკა | ||
| 653 | _aქსეროქსი | ||
| 942 | _cBK | ||
| 999 |
_c52536 _d52536 |
||